000 00370nam a2200145Ia 4500
008 230711s9999||||xx |||||||||||||| ||und||
041 _aENG
082 _a621.092
_bPR-A
100 _aPrasad,J B
245 0 _aApplied mechanics and strength of materials
250 _a2nd
260 _c1989
_aNew Delhi
_bKhanna Publishers
650 _aMechanical Engineering
942 _cBK
999 _c547
_d547